[Event "Regionalliga NW 0102"]
[Site "Bayern"]
[Date "2002.02.24"]
[Round "6.3"]
[White "Rebscher, Ralf"]
[Black "Heinz, Axel"]
[Result "1/2-1/2"]
[WhiteElo "1920"]
[BlackElo "2055"]
[PlyCount "70"]
[EventDate "2001.10.07"]
[EventType "team-tourn"]
[EventRounds "9"]
[EventCountry "GER"]
[SourceTitle "EXT 2003"]
[Source "ChessBase"]
[SourceDate "2002.11.25"]
[SourceVersion "1"]
[SourceVersionDate "2002.11.25"]
[SourceQuality "1"]
[WhiteTeam "Obernburg"]
[BlackTeam "Bindlach II"]
[WhiteTeamCountry "GER"]
[BlackTeamCountry "GER"]

1. d4 Nf6 2. Nf3 e6 3. c4 b6 4. Nc3 Bb7 5. g3 Bb4 6. Bg2 0-0 7. 0-0 d6 8. Qc2 Nbd7 9. Bd2 Qc8 10. b3 c5 11. a3 Bxc3 12. Bxc3 cxd4 13. Nxd4 Bxg2 14. Kxg2 d5 15. Bb4 Rd8 16. Rac1 Qb7 17. c5 bxc5 18. Bxc5 e5 19. Nf3 Rac8 20. b4 Ne4 21. Qa2 Nexc5 22. bxc5 e4 23. Nd4 Nxc5 24. Rb1 Qa6 25. Rfd1 Na4 26. Nb5 Nb6 27. Qb2 Nc4 28. Qd4 Rd7 29. Rb3 h6 30. Nc3 Nb6 31. Nb5 Nc4 32. Nc3 Nb6 33. Nb5 Rc4 34. Qe5 Qa4 35. Rdb1 Rc8 1/2-1/2

[Event "Landesliga Nord 0001"]
[Site "Bayern"]
[Date "2001.01.28"]
[Round "5"]
[White "Burggraf, Michael"]
[Black "Rebscher, Ralf"]
[Result "1-0"]
[WhiteElo "2070"]
[BlackElo "1930"]
[PlyCount "85"]
[EventDate "2000.10.15"]
[EventType "team-tourn"]
[EventRounds "9"]
[EventCountry "GER"]
[SourceTitle "EXT 2020"]
[Source "ChessBase"]
[SourceDate "2019.10.17"]
[SourceVersion "1"]
[SourceVersionDate "2019.10.17"]
[SourceQuality "1"]
[WhiteTeam "Forchheim II"]
[BlackTeam "Obernburg"]
[WhiteTeamCountry "GER"]
[BlackTeamCountry "GER"]

1. e4 c5 2. Nc3 Nc6 3. g3 g6 4. Bg2 Bg7 5. d3 d6 6. Be3 e5 7. Qd2 Be6 8. Nd5 Qd7 9. h4 h6 10. c3 Nge7 11. f4 Bg4 12. Nf3 Nxd5 13. exd5 Ne7 14. Nh2 Bh5 15. 0-0 f5 16. Rfe1 0-0 17. Nf1 Rae8 18. fxe5 dxe5 19. c4 b6 20. Bxh6 f4 21. Bxg7 Kxg7 22. Kh2 Nf5 23. Bh3 Qd8 24. Bxf5 Rxf5 25. Kg1 fxg3 26. Nxg3 Rf4 27. Rxe5 Rg4 28. Rg5 Qd6 29. Rxg4 Bxg4 30. Ne4 Rxe4 31. dxe4 Qg3+ 32. Qg2 Qxh4 33. Qh2 Bh3 34. Qe5+ Kh7 35. Kh1 Qg4 36. Rg1 Qf3+ 37. Kh2 Qf2+ 38. Kxh3 Qxg1 39. Qe7+ Kh6 40. Qh4+ Kg7 41. Qe7+ Kh6 42. Qf8+ Kh5 43. Qh8+ 1-0

[Event "Landesliga Nord 0001"]
[Site "Bayern"]
[Date "2000.10.15"]
[Round "1"]
[White "Rebscher, Ralf"]
[Black "Kirbach, Thomas"]
[Result "0-1"]
[WhiteElo "1930"]
[BlackElo "2005"]
[PlyCount "70"]
[EventDate "2000.10.15"]
[EventType "team-tourn"]
[EventRounds "9"]
[EventCountry "GER"]
[SourceTitle "EXT 2020"]
[Source "ChessBase"]
[SourceDate "2019.10.17"]
[SourceVersion "1"]
[SourceVersionDate "2019.10.17"]
[SourceQuality "1"]
[WhiteTeam "Obernburg"]
[BlackTeam "Fuerth SF"]
[WhiteTeamCountry "GER"]
[BlackTeamCountry "GER"]

1. d4 Nf6 2. Nf3 d6 3. Nc3 g6 4. e4 Bg7 5. Bg5 c6 6. Qd2 Qc7 7. Be2 Nbd7 8. 0-0-0 b5 9. e5 b4 10. exf6 bxc3 11. Qxc3 Nxf6 12. Bb5 Bd7 13. Rhe1 h6 14. Bxf6 Bxf6 15. Ba4 0-0 16. Qe3 Kg7 17. Nd2 Qa5 18. Bb3 d5 19. h3 c5 20. dxc5 Rab8 21. f4 Ba4 22. Kb1 Rfc8 23. g4 e6 24. g5 hxg5 25. fxg5 Be7 26. Qe5+ Kg8 27. Rf1 Be8 28. Rf4 Bf8 29. h4 Qxc5 30. Rff1 a5 31. c3 Bg7 32. Qg3 a4 33. Bc2 Bxc3 34. b3 Qa3 35. Nc4 Rxc4 0-1

[Event "Landesliga Nord 9900"]
[Site "Bayern"]
[Date "2000.04.09"]
[Round "9.7"]
[White "Rebscher, Ralf"]
[Black "Wiemer, Peter"]
[Result "0-1"]
[WhiteElo "1915"]
[BlackElo "2150"]
[PlyCount "106"]
[EventDate "1999.10.10"]
[EventType "team-tourn"]
[EventRounds "9"]
[EventCountry "GER"]
[SourceTitle "EXT 2020"]
[Source "ChessBase"]
[SourceDate "2019.10.17"]
[SourceVersion "1"]
[SourceVersionDate "2019.10.17"]
[SourceQuality "1"]
[WhiteTeam "Obernburg"]
[BlackTeam "Zirndorf"]
[WhiteTeamCountry "GER"]
[BlackTeamCountry "GER"]

1. d4 e6 2. e4 d5 3. Nc3 Nf6 4. Bg5 Be7 5. e5 Nfd7 6. Bxe7 Qxe7 7. f4 a6 8. Nf3 c5 9. Be2 Nc6 10. dxc5 Qxc5 11. Qd2 b5 12. 0-0-0 b4 13. Na4 Qa5 14. b3 Nb6 15. Nxb6 Qxb6 16. f5 exf5 17. Qg5 Be6 18. Qxg7 0-0-0 19. Kb1 a5 20. Rhg1 Kb7 21. Bd3 Qc5 22. Qf6 Qe7 23. Qh6 a4 24. Qf4 axb3 25. cxb3 Ra8 26. Rc1 Ra3 27. Bb5 Na5 28. Nd4 Ra8 29. Nc6 Qf8 30. Qxb4 Qxb4 31. Nxb4 Nxb3 32. Bc6+ Kb6 33. Bxa8 Nxc1 34. Bxd5 Ne2 35. Kb2 Ra4 36. Bxe6 Rxb4+ 37. Ka3 Nxg1 38. Kxb4 fxe6 39. a4 Ne2 40. a5+ Kc6 41. a6 Nf4 42. a7 Nd5+ 43. Kc4 Nc7 44. h3 Kb6 45. g4 fxg4 46. hxg4 Kxa7 47. Kc5 Nd5 48. Kd6 Nf4 49. Ke7 Kb6 50. Kf6 Kc5 51. Kg5 Ng6 52. Kf6 Kd5 53. g5 Nxe5 0-1

[Event "Landesliga Nord 9900"]
[Site "Bayern"]
[Date "2000.03.12"]
[Round "7.8"]
[White "Blodig, Reinhard"]
[Black "Rebscher, Ralf"]
[Result "1/2-1/2"]
[WhiteElo "2210"]
[BlackElo "1915"]
[PlyCount "60"]
[EventDate "1999.10.10"]
[EventType "team-tourn"]
[EventRounds "9"]
[EventCountry "GER"]
[SourceTitle "EXT 2020"]
[Source "ChessBase"]
[SourceDate "2019.10.17"]
[SourceVersion "1"]
[SourceVersionDate "2019.10.17"]
[SourceQuality "1"]
[WhiteTeam "Regensburg Fortuna"]
[BlackTeam "Obernburg"]
[WhiteTeamCountry "GER"]
[BlackTeamCountry "GER"]

1. g3 d5 2. Nf3 g6 3. c4 d4 4. Bg2 Bg7 5. 0-0 c5 6. d3 Nc6 7. a3 Nf6 8. b4 cxb4 9. axb4 Nxb4 10. Qa4+ Nc6 11. Ne5 0-0 12. Nxc6 bxc6 13. Na3 Bd7 14. Bxc6 a6 15. Nc2 Qc7 16. Bxd7 Nxd7 17. Ba3 Rfe8 18. Nb4 Nc5 19. Qc6 Qe5 20. Ra2 e6 21. Qf3 Rac8 22. Bc1 Qd6 23. Bg5 Rb8 24. Qc6 Qxc6 25. Nxc6 Rb6 26. Na5 Reb8 27. Be7 Bf8 28. Bf6 Bg7 29. Be7 Bf8 30. Bf6 Bg7 1/2-1/2

[Event "Landesliga Nord 9900"]
[Site "Bayern"]
[Date "1999.10.10"]
[Round "1.8"]
[White "Rebscher, Ralf"]
[Black "Erlbeck, Peter"]
[Result "1/2-1/2"]
[WhiteElo "1915"]
[BlackElo "2040"]
[PlyCount "41"]
[EventDate "1999.10.10"]
[EventType "team-tourn"]
[EventRounds "9"]
[EventCountry "GER"]
[SourceTitle "EXT 2020"]
[Source "ChessBase"]
[SourceDate "2019.10.17"]
[SourceVersion "1"]
[SourceVersionDate "2019.10.17"]
[SourceQuality "1"]
[WhiteTeam "Obernburg"]
[BlackTeam "Nuernberg Sued SW"]
[WhiteTeamCountry "GER"]
[BlackTeamCountry "GER"]

1. d4 f5 2. g3 Nf6 3. Bg2 g6 4. c4 Bg7 5. Nc3 d6 6. Bg5 c6 7. Nf3 0-0 8. 0-0 Qe8 9. Qd2 Ne4 10. Nxe4 fxe4 11. Ne1 d5 12. Bh6 Bxh6 13. Qxh6 Nd7 14. Nc2 Nf6 15. cxd5 cxd5 16. f3 exf3 17. Bxf3 Bf5 18. Ne3 Be4 19. Qg5 Rd8 20. Rac1 Qd7 21. Qe5 1/2-1/2

[Event "Landesliga Nord 9899"]
[Site "Bayern"]
[Date "1999.03.14"]
[Round "6.8"]
[White "Becker, Alexander1111"]
[Black "Rebscher, Ralf"]
[Result "1/2-1/2"]
[WhiteElo "1950"]
[BlackElo "1900"]
[PlyCount "61"]
[EventDate "1998.10.11"]
[EventType "team-tourn"]
[EventRounds "9"]
[EventCountry "GER"]
[SourceTitle "EXT 2020"]
[Source "ChessBase"]
[SourceDate "2019.10.17"]
[SourceVersion "1"]
[SourceVersionDate "2019.10.17"]
[SourceQuality "1"]
[WhiteTeam "Kronach"]
[BlackTeam "Obernburg"]
[WhiteTeamCountry "GER"]
[BlackTeamCountry "GER"]

1. c4 c5 2. Nc3 Nc6 3. g3 g6 4. Bg2 Bg7 5. e3 Nf6 6. Nge2 0-0 7. 0-0 d6 8. d4 Bf5 9. b3 Qc8 10. Re1 e5 11. d5 Ne7 12. e4 Bh3 13. f4 Bxg2 14. Kxg2 Nh5 15. fxe5 Bxe5 16. Bh6 Re8 17. Qd2 f5 18. Nf4 Nxf4+ 19. Bxf4 Qd7 20. Bxe5 dxe5 21. Rad1 Rad8 22. Qg5 Rf8 23. Rf1 Rde8 24. d6 Nc6 25. exf5 Rxf5 26. Rxf5 Qxf5 27. Qxf5 gxf5 28. Rd5 b6 29. Nb5 Kf7 30. Nc7 Rd8 31. a3 1/2-1/2

[Event "Landesliga Nord 9798"]
[Site "Bayern"]
[Date "1998.04.26"]
[Round "9.7"]
[White "Berreth, Marc"]
[Black "Rebscher, Ralf"]
[Result "1-0"]
[WhiteElo "2095"]
[BlackElo "1920"]
[PlyCount "56"]
[EventDate "1997.10.19"]
[EventType "team-tourn"]
[EventRounds "9"]
[EventCountry "GER"]
[SourceTitle "EXT 2020"]
[Source "ChessBase"]
[SourceDate "2019.10.17"]
[SourceVersion "1"]
[SourceVersionDate "2019.10.17"]
[SourceQuality "1"]
[WhiteTeam "Bamberg SC II"]
[BlackTeam "Obernburg"]
[WhiteTeamCountry "GER"]
[BlackTeamCountry "GER"]

1. d4 Nf6 2. c4 c5 3. d5 b5 4. cxb5 a6 5. f3 axb5 6. e4 Qa5+ 7. Bd2 Qb6 8. Nc3 b4 9. Na4 Qa7 10. Nxc5 Na6 11. Nxa6 Bxa6 12. Bxa6 Qxa6 13. Bxb4 g6 14. Ne2 Bg7 15. Bc3 0-0 16. 0-0 Rfc8 17. Kh1 h5 18. e5 Nxd5 19. Qxd5 Qxe2 20. Rae1 Qc2 21. Qxd7 e6 22. Rc1 Qf5 23. Rce1 Rd8 24. Qe7 Rd5 25. g4 hxg4 26. fxg4 Qxg4 27. Qxf7+ Kh8 28. Rg1 Qh5 1-0

[Event "Landesliga Nord 9798"]
[Site "Bayern"]
[Date "1998.01.11"]
[Round "4.8"]
[White "Rebscher, Ralf"]
[Black "Heinz, Thomas"]
[Result "1-0"]
[WhiteElo "1920"]
[BlackElo "1985"]
[PlyCount "41"]
[EventDate "1997.10.19"]
[EventType "team-tourn"]
[EventRounds "9"]
[EventCountry "GER"]
[SourceTitle "EXT 2020"]
[Source "ChessBase"]
[SourceDate "2019.10.17"]
[SourceVersion "1"]
[SourceVersionDate "2019.10.17"]
[SourceQuality "1"]
[WhiteTeam "Obernburg"]
[BlackTeam "Hof SK II"]
[WhiteTeamCountry "GER"]
[BlackTeamCountry "GER"]

1. d4 d5 2. Nf3 Nf6 3. Bf4 c6 4. e3 g6 5. Bd3 Bg7 6. h3 Nbd7 7. Nbd2 0-0 8. 0-0 Re8 9. c4 h6 10. Rc1 Nb6 11. c5 Nbd7 12. Qc2 Nh5 13. Ne5 Nxf4 14. exf4 Nxe5 15. fxe5 g5 16. f4 f6 17. fxg5 fxg5 18. Bh7+ Kh8 19. Rf7 Be6 20. Rxg7 Rf8 21. Qg6 1-0

[Event "Landesliga Nord 9798"]
[Site "Bayern"]
[Date "1997.10.19"]
[Round "1.7"]
[White "Rebscher, Ralf"]
[Black "Vogt, Thomas1111"]
[Result "0-1"]
[WhiteElo "1920"]
[BlackElo "2376"]
[PlyCount "77"]
[EventDate "1997.10.19"]
[EventType "team-tourn"]
[EventRounds "9"]
[EventCountry "GER"]
[SourceTitle "EXT 2020"]
[Source "ChessBase"]
[SourceDate "2019.10.17"]
[SourceVersion "1"]
[SourceVersionDate "2019.10.17"]
[SourceQuality "1"]
[WhiteTeam "Obernburg"]
[BlackTeam "Wuerzburg II"]
[WhiteTeamCountry "GER"]
[BlackTeamCountry "GER"]

1. d4 Nf6 2. Bg5 Ne4 3. h4 c5 4. d5 Qb6 5. Qc1 c4 6. e3 Qa5+ 7. c3 Qxd5 8. Nf3 f6 9. Bf4 e5 10. Bh2 Qc6 11. Nbd2 Nxd2 12. Qxd2 d5 13. Rd1 Be6 14. Be2 Nd7 15. 0-0 Be7 16. Qc2 b5 17. h5 Nc5 18. Nh4 Qc8 19. b4 Ne4 20. f3 Nd6 21. f4 e4 22. f5 Bf7 23. a4 Qc6 24. Ra1 0-0 25. h6 g6 26. fxg6 hxg6 27. axb5 Nxb5 28. g4 Kh7 29. Ra5 Be6 30. Qa4 Bd7 31. Ra6 Qb7 32. Ra5 Nxc3 33. Qc2 Bxb4 34. Raa1 Qb6 35. Ng2 a5 36. Bf4 Qc5 37. g5 fxg5 38. Be5 Nxe2+ 39. Qxe2 0-1

[Event "Landesliga Nord 9596"]
[Site "Bayern"]
[Date "1995.??.??"]
[Round "?"]
[White "Rebscher, Ralf"]
[Black "Lehmann, Volker"]
[Result "1/2-1/2"]
[WhiteElo "1915"]
[BlackElo "1985"]
[PlyCount "45"]
[EventDate "1995.10.??"]
[EventType "team-tourn"]
[EventRounds "9"]
[EventCountry "GER"]
[SourceTitle "EXT 2020"]
[Source "ChessBase"]
[SourceDate "2019.10.17"]
[SourceVersion "1"]
[SourceVersionDate "2019.10.17"]
[SourceQuality "1"]
[WhiteTeam "Obernburg"]
[BlackTeam "Zirndorf"]
[WhiteTeamCountry "GER"]
[BlackTeamCountry "GER"]

1. d4 Nf6 2. Bg5 d5 3. Nd2 e6 4. e3 Nbd7 5. Bd3 Be7 6. Ne2 c5 7. c3 b6 8. 0-0 Bb7 9. Ng3 0-0 10. f4 h6 11. Bh4 a5 12. Qe2 Ne4 13. Bxe7 Nxg3 14. hxg3 Qxe7 15. g4 f5 16. gxf5 exf5 17. Nf3 c4 18. Bc2 b5 19. a3 b4 20. axb4 axb4 21. Rxa8 Bxa8 22. Ba4 Nb6 23. Bc2 1/2-1/2